[Event "Vellmar Chess Days"]
[Site "chess24.com"]
[Date "2015.08.07"]
[Round "3.34"]
[White "Rafiee, Kayvan"]
[Black "Maar, Samuel"]
[Result "1-0"]
[WhiteElo "1844"]
[BlackElo "1902"]
[PlyCount "202"]
[EventDate "2015.??.??"]
[WhiteTeam "Germany"]
[BlackTeam "Germany"]
[WhiteTeamCountry "GER"]
[BlackTeamCountry "GER"]
[WhiteClock "0:08:23"]
[BlackClock "0:00:31"]

1. e4 e5 2. Nf3 d6 3. d4 exd4 4. Nxd4 Nf6 5. Nc3 a6 6. Bd3 Be7 7. h3 b5 8. a4
b4 9. Nce2 Bb7 10. Ng3 O-O 11. O-O Re8 12. Re1 d5 13. e5 Ne4 14. Qg4 Bc5 15.
Ngf5 g6 16. Bxe4 dxe4 17. Nh6+ Kf8 18. Nb3 Rxe5 19. Qf4 Qe7 20. Nxc5 Rxc5 21.
Be3 Re5 22. Bd4 Rg5 23. Bf6 Rxg2+ 24. Kxg2 e3+ 25. f3 Qc5 26. Qxe3 Qxe3 27.
Rxe3 Nd7 28. Ng4 h5 29. Be7+ Kg7 30. Nf2 Nb6 31. Bxb4 Nd5 32. Bc3+ Kh6 33. Ree1
Nxc3 34. bxc3 g5 35. Rad1 Rg8 36. Kg3 h4+ 37. Kg2 f5 38. Re6+ Kh5 39. Rd7 g4
40. hxg4+ fxg4 41. Rh7+ Kg5 42. Nxg4 Rf8 43. Nh2 Bc8 44. Re5+ Kf6 45. Re4 h3+
46. Kf2 Bf5 47. Rc4 Bxh7 48. Rxc7 Bxc2 49. Rc6+ Kg5 50. Rxa6 Rc8 51. a5 Rxc3
52. Ra8 Kf4 53. a6 Bf5 54. a7 Rc2+ 55. Kg1 Ra2 56. Nf1 Rg2+ 57. Kh1 Rg7 58. Kh2
Re7 59. Kg1 Rg7+ 60. Kh1 Re7 61. Kg1 Rf7 62. Nh2 Rg7+ 63. Kh1 Kg3 64. Rf8 Rxa7
65. Nf1+ Kf4 66. Kg1 Ra3 67. Nh2 Ra2 68. Nf1 Rg2+ 69. Kh1 Rg5 70. Nh2 Ke3 71.
Rb8 Be6 72. Rb1 Bc4 73. Nf1+ Kf2 74. Nh2 Be2 75. Ra1 Rf5 76. Ra3 Rd5 77. Ra1
Rd6 78. Rc1 Bd1 79. f4 Bh5 80. f5 Bf7 81. Rc2+ Kg3 82. Rc3+ Kh4 83. Nf3+ Kh5
84. Kh2 Rf6 85. Nd4 Rd6 86. Rxh3+ Kg5 87. Rd3 Bc4 88. Nf3+ Kxf5 89. Rxd6 Bf7
90. Kg3 Bg8 91. Rd8 Bc4 92. Re8 Ba2 93. Nd4+ Kf6 94. Kf4 Kf7 95. Re2 Bc4 96.
Re3 Kf6 97. Nf3 Kg7 98. Kg5 Kf8 99. Kf6 Bf7 100. Ng5 Bh5 101. Rh3 Ke8 1-0

[Event "Vellmar Chess Days"]
[Site "chess24.com"]
[Date "2015.08.08"]
[Round "4.1"]
[White "Kersten, Uwe"]
[Black "Balje, Jan"]
[Result "0-1"]
[WhiteElo "2300"]
[BlackElo "2189"]
[PlyCount "80"]
[EventDate "2015.??.??"]
[WhiteTeam "Germany"]
[BlackTeam "Netherlands"]
[WhiteTeamCountry "GER"]
[BlackTeamCountry "NED"]
[WhiteClock "0:00:58"]
[BlackClock "0:03:35"]

1. e4 c6 2. d4 d5 3. Nc3 dxe4 4. Nxe4 Nd7 5. Bc4 Ngf6 6. Ng5 e6 7. Qe2 Nb6 8.
Bd3 h6 9. N5f3 c5 10. dxc5 Bxc5 11. Ne5 Nbd7 12. Ngf3 Qc7 13. Bd2 Nxe5 14. Nxe5
Bxf2+ 15. Kxf2 Qxe5 16. Bb5+ Bd7 17. Bxd7+ Nxd7 18. Qxe5 Nxe5 19. Bc3 Ng4+ 20.
Kf3 Nf6 21. Bxf6 gxf6 22. Rad1 Ke7 23. Rd4 Rad8 24. Rhd1 e5 25. Rd5 Rxd5 26.
Rxd5 Rc8 27. c3 b6 28. Ke2 Ke6 29. Rd3 Rg8 30. Kf2 f5 31. g3 Rc8 32. Ke2 f6 33.
Rd1 h5 34. Kf3 h4 35. Rd2 e4+ 36. Kf4 hxg3 37. hxg3 Rg8 38. Rg2 Rg4+ 39. Ke3
Ke5 40. c4 Rxg3+ 0-1

[Event "Vellmar Chess Days"]
[Site "chess24.com"]
[Date "2015.08.08"]
[Round "4.2"]
[White "Heinelt, Manfred"]
[Black "Langheinrich, Ferenc"]
[Result "0-1"]
[WhiteElo "2171"]
[BlackElo "2385"]
[PlyCount "88"]
[EventDate "2015.??.??"]
[WhiteTeam "Germany"]
[BlackTeam "Germany"]
[WhiteTeamCountry "GER"]
[BlackTeamCountry "GER"]
[WhiteClock "0:10:24"]
[BlackClock "0:24:55"]

1. c4 Nf6 2. Nf3 g6 3. b3 Bg7 4. Bb2 O-O 5. g3 c6 6. Bg2 d5 7. O-O a5 8. d3 a4
9. b4 c5 10. bxc5 dxc4 11. dxc4 Qxd1 12. Rxd1 Ne4 13. Bxg7 Kxg7 14. c6 Nxc6 15.
Nd4 Rd8 16. Bxe4 e5 17. e3 exd4 18. Bxc6 bxc6 19. Rxd4 Rxd4 20. exd4 Ba6 21.
Na3 Rb8 22. d5 cxd5 23. cxd5 Rb2 24. Rb1 Rxa2 25. Nb5 Rd2 26. Nc3 Bc4 27. Nxa4
Bxd5 28. Nc3 Bf3 29. Rc1 g5 30. h3 f5 31. Nb1 Rd3 32. Nc3 f4 33. Nb1 fxg3 34.
fxg3 Ba8 35. Rc8 Rxg3+ 36. Kf2 Rg2+ 37. Kf1 Ra2 38. Nc3 Bg2+ 39. Kg1 Rc2 40.
Rc5 h6 41. h4 gxh4 42. Na4 Rd2 43. Rc4 h3 44. Rf4 Bc6 0-1

[Event "Vellmar Chess Days"]
[Site "chess24.com"]
[Date "2015.08.08"]
[Round "4.3"]
[White "Clemens, Adrian"]
[Black "Hilverda, Alexander"]
[Result "0-1"]
[WhiteElo "2170"]
[BlackElo "2382"]
[PlyCount "68"]
[EventDate "2015.??.??"]
[WhiteTeam "Netherlands"]
[BlackTeam "Germany"]
[WhiteTeamCountry "NED"]
[BlackTeamCountry "GER"]
[WhiteClock "0:00:51"]
[BlackClock "0:00:53"]

1. d4 d5 2. c4 c6 3. e3 Bf5 4. cxd5 cxd5 5. Qb3 Nc6 6. Qxb7 Bd7 7. Qb3 Nf6 8.
Nf3 Rb8 9. Qd1 Qc7 10. Nc3 e5 11. dxe5 Nxe5 12. Be2 Be7 13. O-O O-O 14. a4 Rfd8
15. Nb5 Nxf3+ 16. Bxf3 Bxb5 17. axb5 Rxb5 18. Qa4 Rb4 19. Qxa7 Qe5 20. Ra4 Bd6
21. g3 Ne4 22. Rxb4 Bxb4 23. Qd4 Qe7 24. Rd1 f5 25. Bxe4 fxe4 26. Bd2 Bc5 27.
Qa4 Qf7 28. Qc6 Qf3 29. Rf1 Bf8 30. Bc3 h5 31. h4 Kh7 32. Qe6 Rd6 33. Qe5 Rg6
34. Bd4 Bd6 0-1

[Event "Vellmar Chess Days"]
[Site "chess24.com"]
[Date "2015.08.08"]
[Round "4.4"]
[White "Jeske, Mark"]
[Black "Hahn, Markus"]
[Result "0-1"]
[WhiteElo "2124"]
[BlackElo "2303"]
[PlyCount "138"]
[EventDate "2015.??.??"]
[WhiteTeam "Germany"]
[BlackTeam "Germany"]
[WhiteTeamCountry "GER"]
[BlackTeamCountry "GER"]
[WhiteClock "0:00:44"]
[BlackClock "0:08:27"]

1. e4 c6 2. d4 d5 3. exd5 cxd5 4. c4 Nf6 5. Nc3 g6 6. Nf3 Bg7 7. Be2 O-O 8. O-O
Nc6 9. h3 dxc4 10. Bxc4 Na5 11. Be2 Be6 12. Bg5 Rc8 13. Rc1 Bc4 14. Re1 Re8 15.
Qd2 Bxe2 16. Rxe2 Nc4 17. Qe1 Nb6 18. Rec2 Nbd5 19. Na4 Rxc2 20. Rxc2 b6 21.
Ne5 Qa8 22. b3 Qb7 23. a3 Qa6 24. Qc1 Ne4 25. Be3 Nd6 26. Nc3 Nxc3 27. Rxc3 Nb5
28. Qf1 Qa5 29. Rc1 Nd6 30. Nc4 Qd5 31. a4 Nf5 32. Rd1 Rd8 33. Rd2 Bxd4 34.
Bxd4 Nxd4 35. Qd3 e5 36. Kh1 Qc5 37. Qe4 Re8 38. Ne3 Kg7 39. Rd1 Qe7 40. Qd5
Rd8 41. Qc4 Qe6 42. Kh2 Qxc4 43. bxc4 Ne6 44. Ra1 Rd2 45. Kg1 Nc5 46. a5 Nb3
47. Ra3 Nxa5 48. c5 Rd8 49. Ra4 Rd4 50. Ra2 Nc4 51. c6 Nxe3 52. fxe3 Rc4 53.
Rxa7 Rxc6 54. Rb7 h5 55. h4 Kf6 56. Kf2 Ke6 57. Kg3 f5 58. Kf3 Kd5 59. Rb8 Kc4
60. e4 fxe4+ 61. Kxe4 b5 62. Kxe5 b4 63. Rf8 b3 64. Rf4+ Kc3 65. Kd5 Rc8 66.
Rf3+ Kc2 67. Ke6 b2 68. Rf2+ Kb3 69. Rf3+ Rc3 0-1

[Event "Vellmar Chess Days"]
[Site "chess24.com"]
[Date "2015.08.08"]
[Round "4.5"]
[White "Zahn, Richard"]
[Black "Dorst, Johannes"]
[Result "0-1"]
[WhiteElo "2091"]
[BlackElo "2207"]
[PlyCount "44"]
[EventDate "2015.??.??"]
[WhiteTeam "Germany"]
[BlackTeam "Germany"]
[WhiteTeamCountry "GER"]
[BlackTeamCountry "GER"]
[WhiteClock "1:30:30"]
[BlackClock "1:30:30"]

1. f4 c5 2. Nf3 g6 3. e3 Bg7 4. d4 Nf6 5. c3 b6 6. Bd3 Bb7 7. Qe2 Nc6 8. O-O
O-O 9. f5 e6 10. fxg6 fxg6 11. Nbd2 Qc7 12. Ne4 Nxe4 13. Bxe4 d5 14. Bc2 e5 15.
dxc5 e4 16. Nd4 Nxd4 17. exd4 bxc5 18. Be3 cxd4 19. Bxd4 Bxd4+ 20. cxd4 Qb6 21.
Qd2 Rxf1+ 22. Rxf1 Ba6 0-1

[Event "Vellmar Chess Days"]
[Site "chess24.com"]
[Date "2015.08.08"]
[Round "4.6"]
[White "Humburg, Philipp"]
[Black "Yu, Ting"]
[Result "0-1"]
[WhiteElo "2186"]
[BlackElo "2148"]
[PlyCount "64"]
[EventDate "2015.??.??"]
[WhiteTeam "Germany"]
[BlackTeam "China"]
[WhiteTeamCountry "GER"]
[BlackTeamCountry "CHN"]
[WhiteClock "0:45:48"]
[BlackClock "0:30:50"]

1. d4 Nf6 2. c4 g6 3. Nc3 Bg7 4. e4 d6 5. Nf3 O-O 6. Be2 Nc6 7. O-O e5 8. d5
Ne7 9. Ne1 Ne8 10. Nd3 f5 11. f3 f4 12. Bd2 g5 13. c5 Rf6 14. a4 h5 15. cxd6
cxd6 16. Nf2 Rg6 17. h3 Nf6 18. Nb5 g4 19. hxg4 hxg4 20. fxg4 Bh6 21. Rc1 Ne8
22. Qc2 Bd7 23. a5 a6 24. Na3 Bg5 25. Nc4 Rc8 26. Qb3 Bb5 27. Bf3 Bh4 28. Nxe5
dxe5 29. d6+ Kg7 30. Bxf4 exf4 31. dxe7 Bxf2+ 32. Kxf2 Qd2+ 0-1

[Event "Vellmar Chess Days"]
[Site "chess24.com"]
[Date "2015.08.08"]
[Round "4.7"]
[White "Schroeder, Kevin"]
[Black "Werner, Martin"]
[Result "1-0"]
[WhiteElo "2175"]
[BlackElo "1993"]
[PlyCount "67"]
[EventDate "2015.??.??"]
[WhiteTeam "Germany"]
[BlackTeam "Germany"]
[WhiteTeamCountry "GER"]
[BlackTeamCountry "GER"]
[WhiteClock "0:08:51"]
[BlackClock "0:00:34"]

1. Nf3 d5 2. c4 e6 3. g3 c5 4. Bg2 Nc6 5. O-O Nf6 6. b3 Be7 7. Bb2 d4 8. d3 O-O
9. Nbd2 e5 10. a3 Bf5 11. Ng5 Qd7 12. Re1 Rae8 13. Qc2 h6 14. Ngf3 Bd8 15. b4
cxb4 16. Nh4 Bh3 17. Bxh3 Qxh3 18. axb4 Ng4 19. Nhf3 Bg5 20. Nf1 f5 21. b5 Nd8
22. e3 f4 23. exf4 Bxf4 24. Qe2 Ne6 25. Kh1 Bxg3 26. fxg3 Rxf3 27. Qxf3 Rf8 28.
Qg2 Qh5 29. Re2 Ng5 30. h4 Nf3 31. Nd2 Nxd2 32. Rxd2 Ne3 33. Qe4 Nf1 34. Rxf1
1-0

[Event "Vellmar Chess Days"]
[Site "chess24.com"]
[Date "2015.08.08"]
[Round "4.8"]
[White "Sieber, Fiona"]
[Black "Knoth, Eugen"]
[Result "1-0"]
[WhiteElo "2098"]
[BlackElo "1993"]
[PlyCount "111"]
[EventDate "2015.??.??"]
[WhiteTeam "Germany"]
[BlackTeam "Germany"]
[WhiteTeamCountry "GER"]
[BlackTeamCountry "GER"]
[WhiteClock "0:18:57"]
[BlackClock "0:04:36"]

1. e4 e6 2. d4 d5 3. Nc3 dxe4 4. Nxe4 Bd7 5. Nf3 Bc6 6. Bd3 Nd7 7. c4 Bb4+ 8.
Nc3 Ngf6 9. O-O Bxf3 10. Qxf3 c6 11. Bf4 Qa5 12. Rfe1 O-O 13. Rad1 Rfe8 14. Be5
Rad8 15. Qh3 Bxc3 16. bxc3 g6 17. Qf3 Kg7 18. Rb1 Qxc3 19. Re3 Nxe5 20. dxe5
Ng4 21. Bxg6 Nxe5 22. Qh3 Qd4 23. Be4 Ng6 24. Qg3 Qd6 25. h4 Qxg3 26. Rxg3 Rd4
27. f3 Kf6 28. Rxb7 Rxc4 29. Rxa7 Nxh4 30. Rh3 Nf5 31. Rxh7 Nd6 32. Bd3 Rc1+
33. Kf2 Rg8 34. Rd7 Ke5 35. f4+ Kd5 36. Rhxf7 Kc5 37. Rfe7 Rd1 38. Be2 Rd2 39.
Ke3 Rxa2 40. Rxe6 Rxg2 41. Kf3 Rh2 42. Re5+ Kb6 43. Rxd6 Ra3+ 44. Kg4 Rg2+ 45.
Kf5 Kc7 46. Rg6 Rf2 47. Re7+ Kb6 48. Re4 Ra5+ 49. Ke6 Ra8 50. Bd3 Re8+ 51. Kf5
Rf8+ 52. Rf6 Rd8 53. Bc4 Kc5 54. Bf7 Kb5 55. Be8 Rc2 56. Ree6 1-0

[Event "Vellmar Chess Days"]
[Site "chess24.com"]
[Date "2015.08.08"]
[Round "4.9"]
[White "Rogozenco, Teodora"]
[Black "Boele, Martijn"]
[Result "1-0"]
[WhiteElo "2096"]
[BlackElo "1992"]
[PlyCount "54"]
[EventDate "2015.??.??"]
[WhiteTeam "Germany"]
[BlackTeam "Netherlands"]
[WhiteTeamCountry "GER"]
[BlackTeamCountry "NED"]
[WhiteClock "0:18:33"]
[BlackClock "0:23:29"]

1. d4 e6 2. c4 b6 3. Nc3 Bb7 4. Nf3 Bb4 5. Bg5 Ne7 6. Qc2 f5 7. O-O-O Bxc3 8.
Qxc3 d5 9. Qe3 Bc8 10. g4 O-O 11. gxf5 Nxf5 12. Qd2 Qe8 13. Rg1 Qa4 14. Kb1 Nc6
15. Bh3 Kh8 16. Bxf5 Rxf5 17. Bh6 g6 18. Nh4 Ne7 19. Nxf5 Nxf5 20. Bf4 Ba6 21.
cxd5 exd5 22. Bxc7 Bc4 23. b3 Qb5 24. Be5+ Kg8 25. Rge1 a5 26. Qb2 Qb4 27. bxc4
dxc4 1-0

[Event "Vellmar Chess Days"]
[Site "chess24.com"]
[Date "2015.08.08"]
[Round "4.10"]
[White "Grosse-Hering, Peter"]
[Black "Biastoch, Bennet"]
[Result "1/2-1/2"]
[WhiteElo "1995"]
[BlackElo "2046"]
[PlyCount "63"]
[EventDate "2015.??.??"]
[WhiteTeam "Germany"]
[BlackTeam "Germany"]
[WhiteTeamCountry "GER"]
[BlackTeamCountry "GER"]
[WhiteClock "0:15:40"]
[BlackClock "0:17:29"]

1. e4 c5 2. Nf3 d6 3. g3 Nf6 4. d3 g6 5. Bg2 Bg7 6. O-O O-O 7. Re1 Nc6 8. c3
Bg4 9. h3 Bxf3 10. Bxf3 Nd7 11. a4 Nde5 12. Bg2 c4 13. dxc4 Nxc4 14. Qe2 Nb6
15. Be3 Rc8 16. Nd2 Ne5 17. Qb5 Qc7 18. a5 Nbc4 19. Nxc4 Nxc4 20. Bxa7 Qc6 21.
Qb3 Ra8 22. Bb6 Ra6 23. e5 d5 24. Bd4 e6 25. Bf1 Rfa8 26. Bxc4 dxc4 27. Qa3 Bf8
28. b4 cxb3 29. Qxb3 Rxa5 30. Rxa5 Rxa5 31. Rb1 b5 32. Be3 1/2-1/2

[Event "Vellmar Chess Days"]
[Site "chess24.com"]
[Date "2015.08.08"]
[Round "4.11"]
[White "Ziegenfuss, Holger"]
[Black "Schirra, Maurice"]
[Result "1-0"]
[WhiteElo "2032"]
[BlackElo "1828"]
[PlyCount "55"]
[EventDate "2015.??.??"]
[WhiteTeam "Germany"]
[BlackTeam "Germany"]
[WhiteTeamCountry "GER"]
[BlackTeamCountry "GER"]
[WhiteClock "0:08:01"]
[BlackClock "0:02:11"]

1. e4 e5 2. Nf3 Nf6 3. Nc3 Nc6 4. Bb5 Bb4 5. O-O O-O 6. Nd5 Nxd5 7. exd5 Ne7 8.
c3 Bc5 9. Nxe5 Nxd5 10. d4 Be7 11. Qf3 c6 12. Bd3 Nf6 13. Bg5 d6 14. Nc4 d5 15.
Ne5 Nd7 16. Bxe7 Qxe7 17. Rfe1 Qd6 18. Qh3 g6 19. Qh6 Nf6 20. Re3 Re8 21. Rae1
Bd7 22. h3 Re6 23. f4 Re7 24. Nxd7 Rxd7 25. f5 Rf8 26. g4 Rfd8 27. g5 Nh5 28.
Re8+ 1-0

[Event "Vellmar Chess Days"]
[Site "chess24.com"]
[Date "2015.08.08"]
[Round "4.13"]
[White "Verhoef, Pieter"]
[Black "Bleecke, Sebastian"]
[Result "1/2-1/2"]
[WhiteElo "2015"]
[BlackElo "1932"]
[PlyCount "50"]
[EventDate "2015.??.??"]
[WhiteTeam "Netherlands"]
[BlackTeam "Germany"]
[WhiteTeamCountry "NED"]
[BlackTeamCountry "GER"]
[WhiteClock "0:35:20"]
[BlackClock "0:43:36"]

1. e4 c5 2. Nc3 Nc6 3. f4 g6 4. Nf3 Bg7 5. Bb5 Nd4 6. O-O Nxb5 7. Nxb5 a6 8.
Nc3 b5 9. d3 d6 10. Qe1 Bb7 11. f5 b4 12. fxg6 hxg6 13. Ne2 Qd7 14. Ng3 Nf6 15.
e5 dxe5 16. Ne4 Nxe4 17. dxe4 Qg4 18. Qf2 Bxe4 19. Ng5 Bf5 20. h3 Qh4 21. g3
Qc4 22. g4 Bxg4 23. hxg4 Qxg4+ 24. Qg2 Qd4+ 25. Qf2 Qg4+ 1/2-1/2

[Event "Vellmar Chess Days"]
[Site "chess24.com"]
[Date "2015.08.08"]
[Round "4.14"]
[White "Gassmann, Volker"]
[Black "Hansult, Manfred"]
[Result "1-0"]
[WhiteElo "2207"]
[BlackElo "1950"]
[PlyCount "77"]
[EventDate "2015.??.??"]
[WhiteTeam "Germany"]
[BlackTeam "Germany"]
[WhiteTeamCountry "GER"]
[BlackTeamCountry "GER"]
[WhiteClock "0:55:03"]
[BlackClock "0:01:37"]

1. e4 c6 2. Nf3 d5 3. Nc3 Bg4 4. h3 Bxf3 5. Qxf3 e6 6. d3 Nd7 7. Bd2 Ne7 8. g3
Ne5 9. Qg2 d4 10. Nd1 g6 11. f4 Nd7 12. Be2 Bg7 13. g4 f5 14. e5 Qb6 15. Bf3
O-O-O 16. g5 h6 17. b4 hxg5 18. Qxg5 Rde8 19. Nb2 Bh6 20. Qg3 Nxe5 21. fxe5
Bxd2+ 22. Kxd2 Qxb4+ 23. Kc1 f4 24. Qf2 Nf5 25. Nc4 Kc7 26. Rb1 Qc5 27. Bg4 b5
28. Bxf5 bxc4 29. Bxg6 Reg8 30. Qxf4 Rf8 31. Qg3 Rhg8 32. dxc4 Rxg6 33. Qxg6
Qa3+ 34. Rb2 Qf3 35. Re1 Qf4+ 36. Kb1 Qf2 37. Qg1 Qd2 38. Rd1 Qf2 39. Rb3 1-0

[Event "Vellmar Chess Days"]
[Site "chess24.com"]
[Date "2015.08.08"]
[Round "4.15"]
[White "Stuckenschneider, Martin"]
[Black "Rothe, Guido"]
[Result "0-1"]
[WhiteElo "1947"]
[BlackElo "2179"]
[PlyCount "35"]
[EventDate "2015.??.??"]
[WhiteTeam "Germany"]
[BlackTeam "Germany"]
[WhiteTeamCountry "GER"]
[BlackTeamCountry "GER"]
[WhiteClock "0:39:48"]
[BlackClock "0:47:51"]

1. d4 Nf6 2. c4 g6 3. Nc3 Bg7 4. e4 d6 5. Nf3 O-O 6. Be2 Na6 7. O-O e5 8. Re1
exd4 9. Nxd4 Nc5 10. f3 a5 11. Be3 c6 12. Qd2 a4 13. Rad1 Qa5 14. Bf4 Ne6 15.
Nxe6 Bxe6 16. Bxd6 Rfd8 17. Qc2 Rxd6 18. Rxd6 0-1

[Event "Vellmar Chess Days"]
[Site "chess24.com"]
[Date "2015.08.08"]
[Round "4.16"]
[White "Sevall, Jacob"]
[Black "Von Auer, Ulrich"]
[Result "0-1"]
[WhiteElo "1931"]
[BlackElo "2073"]
[PlyCount "92"]
[EventDate "2015.??.??"]
[WhiteTeam "Germany"]
[BlackTeam "Germany"]
[WhiteTeamCountry "GER"]
[BlackTeamCountry "GER"]
[WhiteClock "1:15:41"]
[BlackClock "0:20:45"]

1. d4 Nf6 2. c4 g6 3. Nc3 d5 4. cxd5 Nxd5 5. e4 Nxc3 6. bxc3 Bg7 7. Bc4 c5 8.
Ne2 Nc6 9. Be3 O-O 10. Qd2 Qa5 11. f3 cxd4 12. cxd4 Qxd2+ 13. Kxd2 Rd8 14. Bd5
Nxd4 15. Bxd4 e6 16. Bxb7 Bxb7 17. Ke3 e5 18. Bb2 Rd7 19. Rhd1 Rad8 20. Nc3
Bh6+ 21. Kf2 Rd2+ 22. Ke1 R8d4 23. Bc1 Rxd1+ 24. Nxd1 Bf8 25. Bd2 Ra4 26. Rb1
Ba6 27. Nc3 Rb4 28. Be3 Rxb1+ 29. Nxb1 Bb4+ 30. Kf2 Bd3 31. a3 Bd6 32. Nc3 a6
33. Bc1 Bc5+ 34. Kg3 f5 35. Bb2 Kf7 36. Na4 Bd6 37. Nc3 Ke6 38. Kf2 Bc5+ 39.
Kg3 Bd4 40. Kh4 fxe4 41. fxe4 Bxe4 42. Nxe4 Bxb2 43. Nc5+ Kd5 44. Nxa6 Bxa3 45.
Kg3 Bd6 46. Kf3 Kc6 0-1

[Event "Vellmar Chess Days"]
[Site "chess24.com"]
[Date "2015.08.08"]
[Round "4.17"]
[White "Nies, Peter"]
[Black "Koellner, Ruben Gideon"]
[Result "1/2-1/2"]
[WhiteElo "2056"]
[BlackElo "1790"]
[PlyCount "121"]
[EventDate "2015.??.??"]
[WhiteTeam "Germany"]
[BlackTeam "Germany"]
[WhiteTeamCountry "GER"]
[BlackTeamCountry "GER"]
[WhiteClock "0:00:58"]
[BlackClock "0:51:13"]

1. e4 d6 2. Nc3 Nf6 3. d4 e5 4. dxe5 dxe5 5. Qxd8+ Kxd8 6. f4 Bb4 7. Bd3 Re8 8.
Nge2 exf4 9. Bxf4 Bd6 10. Bg5 Nbd7 11. O-O-O h6 12. Bh4 g5 13. Bg3 a6 14. Bxd6
cxd6 15. Rhf1 Ke7 16. Bc4 Ne5 17. Bd5 Neg4 18. Rd4 Ne3 19. Rf3 Nexd5 20. exd5
Ng4 21. Na4 Ne5 22. Re3 b5 23. Nb6 Rb8 24. Nxc8+ Rbxc8 25. Ng3 Kd7 26. Ne4 Ke7
27. Ng3 Kd7 28. Nh5 Ke7 29. Ng7 Rh8 30. Nf5+ Kd7 31. Rde4 Rc5 32. Nxd6 Kxd6 33.
Rxe5 Rhc8 34. c3 Rxd5 35. Re7 Rf5 36. Ra7 Rf2 37. Rxa6+ Rc6 38. Rd3+ Kc7 39.
Rxc6+ Kxc6 40. Rd2 Rf1+ 41. Kc2 h5 42. Kb3 f5 43. Re2 h4 44. c4 bxc4+ 45. Kxc4
g4 46. b4 g3 47. hxg3 hxg3 48. b5+ Kb6 49. Re6+ Kb7 50. Re7+ Kb6 51. Re6+ Kb7
52. Re2 f4 53. Kd3 Kb6 54. a4 f3 55. gxf3 Rxf3+ 56. Kd2 Rf4 57. Re6+ Kb7 58.
Rg6 Rxa4 59. Rxg3 Ra2+ 60. Kc1 Kb6 61. Rb3 1/2-1/2

[Event "Vellmar Chess Days"]
[Site "chess24.com"]
[Date "2015.08.08"]
[Round "4.19"]
[White "Grcic, Vukasin"]
[Black "Schmidt, Kai-Uwe"]
[Result "1-0"]
[WhiteElo "1905"]
[BlackElo "2007"]
[PlyCount "92"]
[EventDate "2015.??.??"]
[WhiteTeam "Serbia"]
[BlackTeam "Germany"]
[WhiteTeamCountry "SRB"]
[BlackTeamCountry "GER"]
[WhiteClock "1:02:48"]
[BlackClock "0:06:25"]

1. e4 d6 2. d4 Nf6 3. Nc3 g6 4. Bc4 Bg7 5. Nge2 O-O 6. O-O Nxe4 7. Nxe4 d5 8.
Bd3 dxe4 9. Bxe4 c5 10. c3 cxd4 11. Nxd4 Nd7 12. Be3 a6 13. Nb3 Qc7 14. Qe2 Nf6
15. Bf3 e5 16. Bc5 Re8 17. g3 e4 18. Bg2 Bg4 19. Qe3 Qc8 20. Rfe1 Qf5 21. Bd4
Nd5 22. Qd2 Rad8 23. Bxg7 Kxg7 24. Nd4 Qh5 25. Rxe4 Rxe4 26. Bxe4 Nf6 27. Bxb7
Bh3 28. Ne6+ Bxe6 29. Qxd8 Qb5 30. Bg2 Qxb2 31. Rd1 Bxa2 32. Qd4 Bb3 33. Re1
Be6 34. Bf3 g5 35. Be4 Qb5 36. Bxh7 Kxh7 37. Qxf6 a5 38. Qe5 Qc6 39. Qe4+ Qxe4
40. Rxe4 Bb3 41. Re5 a4 42. Rxg5 a3 43. Ra5 a2 44. f4 f5 45. Kf2 Kg6 46. Ke3
Kf6 1-0

[Event "Vellmar Chess Days"]
[Site "chess24.com"]
[Date "2015.08.08"]
[Round "4.20"]
[White "Wastian, Jan"]
[Black "Krausse, Eckhard"]
[Result "0-1"]
[WhiteElo "1760"]
[BlackElo "1999"]
[PlyCount "120"]
[EventDate "2015.??.??"]
[WhiteTeam "Germany"]
[BlackTeam "Germany"]
[WhiteTeamCountry "GER"]
[BlackTeamCountry "GER"]
[WhiteClock "0:04:55"]
[BlackClock "0:27:37"]

1. e4 c5 2. c3 d6 3. d4 b6 4. Nf3 g6 5. Bd3 Bg7 6. e5 Bb7 7. Bf4 Nc6 8. Qe2
dxe5 9. dxe5 e6 10. Nbd2 Nge7 11. Ne4 O-O 12. O-O Qc7 13. Bg3 Nf5 14. Bf4 Nce7
15. Bg5 Nd5 16. Ng3 h6 17. Bd2 Rad8 18. Rad1 Nde7 19. Rfe1 Nxg3 20. hxg3 Rd7
21. Bb5 Bc6 22. Bxc6 Nxc6 23. Bc1 Rfd8 24. Rxd7 Qxd7 25. Nd2 Nxe5 26. Ne4 Qd3
27. Qxd3 Rxd3 28. Bf4 Nd7 29. Kf1 f5 30. Nd2 e5 31. Ke2 Rd5 32. Be3 Kf7 33. b4
cxb4 34. cxb4 Bf8 35. a3 g5 36. f3 a5 37. bxa5 Rxa5 38. Nc4 Ra4 39. Nxb6 Nxb6
40. Bxb6 Rxa3 41. Kf2 Ra2+ 42. Re2 Rxe2+ 43. Kxe2 h5 44. Ke3 g4 45. fxg4 hxg4
46. Bc7 Ke6 47. Ke2 Kd5 48. Kd3 Bd6 49. Bd8 e4+ 50. Ke3 Bxg3 51. Bg5 f4+ 52.
Ke2 Kc4 53. Bf6 Bh2 54. Bg7 Bg1 55. Bh6 f3+ 56. gxf3 gxf3+ 57. Kf1 Bb6 58. Bg7
e3 59. Bh6 e2+ 60. Ke1 Kd4 0-1

[Event "Vellmar Chess Days"]
[Site "chess24.com"]
[Date "2015.08.08"]
[Round "4.21"]
[White "Koronowski, Heinz-Juergen"]
[Black "Fabregas, Oliver"]
[Result "1-0"]
[WhiteElo "1700"]
[BlackElo "1957"]
[PlyCount "81"]
[EventDate "2015.??.??"]
[WhiteTeam "Germany"]
[BlackTeam "Germany"]
[WhiteTeamCountry "GER"]
[BlackTeamCountry "GER"]
[WhiteClock "0:36:10"]
[BlackClock "0:16:10"]

1. e4 c6 2. d4 d5 3. Nc3 dxe4 4. Nxe4 Nf6 5. Ng3 h5 6. h4 Bg4 7. Be2 Qc7 8. Bg5
Nbd7 9. Qd2 e6 10. Bf4 Bd6 11. Bxd6 Qxd6 12. O-O-O Bxe2 13. Qxe2 Qd5 14. Kb1
Qxg2 15. Nf3 Ng4 16. Rdf1 O-O-O 17. Ne4 Nxf2 18. Nxf2 Qg6 19. Rhg1 Qh6 20. Ng5
Rhf8 21. Nge4 Nb6 22. c3 a6 23. Ng5 Nd5 24. Nd3 f6 25. Nf3 Rfe8 26. Re1 b6 27.
Qg2 Qh7 28. Qg6 Qxg6 29. Rxg6 Re7 30. Reg1 Rdd7 31. c4 Ne3 32. b3 e5 33. Ndxe5
fxe5 34. Nxe5 Rc7 35. Nxc6 Rf7 36. d5 Rf1+ 37. Rxf1 Nxf1 38. Nd4 Nd2+ 39. Kb2
Kb7 40. Ne6 Nf3 41. Nxc7 1-0

[Event "Vellmar Chess Days"]
[Site "chess24.com"]
[Date "2015.08.08"]
[Round "4.22"]
[White "Rehbein, Ullrich"]
[Black "Jans, Micha"]
[Result "0-1"]
[WhiteElo "1832"]
[BlackElo "2095"]
[PlyCount "64"]
[EventDate "2015.??.??"]
[WhiteTeam "Germany"]
[BlackTeam "Netherlands"]
[WhiteTeamCountry "GER"]
[BlackTeamCountry "NED"]
[WhiteClock "0:21:55"]
[BlackClock "0:25:15"]

1. Nf3 d5 2. g3 Nf6 3. Bg2 g6 4. O-O Bg7 5. c4 c6 6. d4 O-O 7. Nc3 dxc4 8. Ne5
Ng4 9. Nxc4 Qxd4 10. Qb3 Na6 11. e3 Qc5 12. Nd2 Qb4 13. Qc2 Qb6 14. a3 Be6 15.
h3 Nf6 16. b4 Nd5 17. Bb2 Nxc3 18. Bxc3 Bxc3 19. Qxc3 Nc7 20. Rfd1 Rad8 21. Ne4
Nb5 22. Qe5 Rxd1+ 23. Rxd1 Nxa3 24. Qg5 Qxb4 25. Qh6 f6 26. Rd4 Qb1+ 27. Kh2
Nb5 28. Nxf6+ exf6 29. Be4 Qb2 30. Bxg6 Qxf2+ 31. Kh1 Qf1+ 32. Kh2 Qxh3+ 0-1

[Event "Vellmar Chess Days"]
[Site "chess24.com"]
[Date "2015.08.08"]
[Round "4.25"]
[White "Reitz, Philipp"]
[Black "Braun, Ingram"]
[Result "0-1"]
[WhiteElo "1773"]
[BlackElo "1949"]
[PlyCount "66"]
[EventDate "2015.??.??"]
[WhiteTeam "Germany"]
[BlackTeam "Germany"]
[WhiteTeamCountry "GER"]
[BlackTeamCountry "GER"]
[WhiteClock "0:41:26"]
[BlackClock "0:42:03"]

1. Nf3 d5 2. c4 e6 3. d4 c6 4. Nc3 Nf6 5. e3 Nbd7 6. Bd3 dxc4 7. Bxc4 b5 8. Bd3
b4 9. Ne4 Bb7 10. Nxf6+ Nxf6 11. Ne5 Bd6 12. O-O O-O 13. f4 c5 14. b3 Be4 15.
Bb2 cxd4 16. Bxd4 Bxd3 17. Nxd3 a5 18. Rc1 Qe7 19. Qf3 Rfc8 20. Rc4 Rab8 21.
Rfc1 Rxc4 22. Rxc4 Nd7 23. Qc6 h6 24. e4 e5 25. Be3 exf4 26. Nxf4 Ne5 27. Qd5
Nxc4 28. Qxc4 Qc7 29. Qxc7 Bxc7 30. Kf2 Bxf4 31. Bxf4 Rc8 32. Kf3 Rc2 33. e5
Rxa2 0-1